Quick Pick: Missing Movie Male Names Quiz Stats

 Plays Quiz Updated Feb 16, 2016

Challenge
Share
Tweet
Embed
Score 0/15 Timer 01:00
7 Plays Today
% Correct
Indiana
97.3%
Austin
96.5%
Benjamin
96%
Ferris
95.2%
Butch
93.7%
Sweeney
93.1%
Gilbert
92.3%
Walter
92.3%
% Correct
Lemony
92.1%
John
91.2%
Joe
90.5%
Larry
86.2%
Charlie
84%
Ricky
83.9%
Steve
77.5%

Today's Daily Dose

You're not logged in!

Compare scores with friends on all Sporcle quizzes.
OR
Log In

You Might Also Like...

Show Comments

Extras

Top Quizzes Today


Score Distribution

Your Account Isn't Verified!

In order to create a playlist on Sporcle, you need to verify the email address you used during registration. Go to your Sporcle Settings to finish the process.

Report this User

Report this user for behavior that violates our Community Guidelines.

Details: